| 000 | 00653nam a2200193Ia 4500 | ||
|---|---|---|---|
| 003 | GCL | ||
| 008 | 140319s9999 xx 000 0 ara d | ||
| 040 |
_aGCL / _cGCL |
||
| 082 | 0 | 4 |
_a813.01 _bم ل |
| 100 | 1 | _aمصطفى عبدالشافى مصطفى | |
| 245 | 1 | 0 |
_aاللمسات الاخيرة : _bقصص قصيرة / _cمصطفى عبدالشافى مصطفى |
| 260 |
_aالقاهرة : _bالمجلس الاعلى للثقافة ، _c1992 |
||
| 300 |
_a95 ص ؛ _c18 سم |
||
| 490 | _a | ||
| 650 | 0 | 4 | _aالادب العربى |
| 650 | 0 | 4 | _aالقصص العربية |
| 650 | 0 | 4 | _aالقصص العربية القصيرة |
| 942 |
_2ddc _cBK |
||
| 999 |
_c57212 _d57212 |
||